| 000 | 00418nam a2200181Ia 4500 | ||
|---|---|---|---|
| 001 | 20124 | ||
| 005 | 20260306172743.0 | ||
| 008 | 260306t2004||||xx |||||||||||||| ||spa|| | ||
| 041 | _aESP | ||
| 082 |
_a342.511L _bV23 V.1 |
||
| 100 |
_aValle-Riestra, Javier _eAUT |
||
| 245 | 0 | _aTratado de la extradición | |
| 260 | _c2004 | ||
| 300 |
_a _c21 cm. |
||
| 650 | _aGEN | ||
| 654 | _aCDE | ||
| 942 |
_cLIB _dJUS _fJUS _2ddc _n |
||
| 999 |
_c20124 _d20124 |
||